Pháp lệnh sửa đổi, bổ sung một số điều của pháp lệnh chống tham nhũng
Pháp lệnh này sửa đổi, bổ sung một số điều của Pháp lệnh Chống tham nhũng đã được Ủy ban thường vụ Quốc hội thông qua ngày 26 tháng 2 năm 1998.
Guardado en:
| Autores Corporativos: | , |
|---|---|
| Formato: | Libro |
| Lenguaje: | Undetermined |
| Publicado: |
Hà Nội
Chính trị Quốc gia
2000
|
| Materias: | |
| Etiquetas: |
Agregar Etiqueta
Sin Etiquetas, Sea el primero en etiquetar este registro!
|
| Thư viện lưu trữ: | Trung tâm Học liệu Trường Đại học Cần Thơ |
|---|
| LEADER | 01199nam a2200241Ia 4500 | ||
|---|---|---|---|
| 001 | CTU_136864 | ||
| 008 | 210402s9999 xx 000 0 und d | ||
| 020 | |c 2600 | ||
| 082 | |a 345.5970232 | ||
| 082 | |b V308 | ||
| 110 | |a Việt Nam (cộng hòa Xã hội chủ nghĩa) | ||
| 110 | |b Quốc hội. Ủy ban thường vụ | ||
| 245 | 0 | |a Pháp lệnh sửa đổi, bổ sung một số điều của pháp lệnh chống tham nhũng | |
| 245 | 0 | |c Việt Nam (cộng hòa Xã hội chủ nghĩa). Quốc hội. Ủy ban thường vụ | |
| 260 | |a Hà Nội | ||
| 260 | |b Chính trị Quốc gia | ||
| 260 | |c 2000 | ||
| 520 | |a Pháp lệnh này sửa đổi, bổ sung một số điều của Pháp lệnh Chống tham nhũng đã được Ủy ban thường vụ Quốc hội thông qua ngày 26 tháng 2 năm 1998. | ||
| 650 | |a Misconduct in office,Political corruption,Trung tâm Học liệu ĐHCT | ||
| 650 | |x Quản lý kém trong cơ quan,Tham nhũng chính trị | ||
| 650 | |z Vietnam,Vietnam | ||
| 904 | |i Năm | ||
| 980 | |a Trung tâm Học liệu Trường Đại học Cần Thơ | ||